000 01155cam a22003137a 4500
003 CHAP
005 20220329142837.0
008 040804d2003 mx a r 00110 spa d
010 _a88598
011 _a89570
035 _a100121
040 _cCHAP
090 _aTesis
100 0 0 _aCano Salgado, Adriana
_918429
245 1 0 _aAnálisis epidemiológico de la enfermedad "pudricion blanca" inducida por Sclerotium cepivorum Berk en el cultivo de ajo (Allium sativum L.) en Cortazar, Edo. de Guanajuato
_c/por Adriana Cano Salgado
260 _aChapingo, Méx. :
_bEl autor,
_c2003.
502 _aTesis (M.C.) -- CP. Instituto de Fitosanidad. Programa en Fitopatología
590 _aALEPH
_b10
_c20130110
_lUCH01
_h1459
590 _aBATCH-UPD
_b10
_c20130109
_lUCH01
_h2308
590 _aBATCH-UPD
_b10
_c20130110
_lUCH01
_h1553
590 _aCONVERSION
_b10
_c20130109
_lUCH01
_h1349
650 1 4 _aAjo
_xEnfermedades por hongos.
_93185
650 1 4 _aAjo
_xGuanajuato.
_93193
650 1 4 _aSclerotium cepivorum.
_9103343
901 _aBK
905 _aAlejandra Carrasco M.
942 _cTESIS
949 _aTesis
_bBC
_cTES
_d1001211
_eTS1
_h42266
_i100121
_sb
999 _c88598
_d88598